Name Pentagonal Numbers - Statistics

General Stats
  • This quiz has been taken 3 times
  • The average score is 23 of 50
Answer Stats
Hint Answer % Correct
#1 1
100%
#3 12
100%
#4 22
100%
#2 5
100%
#9 117
67%
#10 145
67%
#11 176
67%
#12 210
67%
#13 247
67%
#14 287
67%
#5 35
67%
#6 51
67%
#7 70
67%
#8 92
67%
#26 1001
33%
#27 1080
33%
#28 1162
33%
#29 1247
33%
#30 1335
33%
#31 1426
33%
#32 1520
33%
#33 1617
33%
#34 1717
33%
#35 1820
33%
#36 1926
33%
#37 2035
33%
#38 2147
33%
#39 2262
33%
#40 2380
33%
#41 2501
33%
#42 2625
33%
#43 2752
33%
#44 2882
33%
#45 3015
33%
#46 3151
33%
#47 3290
33%
#15 330
33%
#48 3432
33%
#49 3577
33%
#50 3725
33%
#16 376
33%
#17 425
33%
#18 477
33%
#19 532
33%
#20 590
33%
#21 651
33%
#22 715
33%
#23 782
33%
#24 852
33%
#25 925
33%
No matching quizzes found
Score Distribution
Percent of People with Each Score
Percentile by Number Answered
Your Score History
You have not taken this quiz